Catálogo público

Molecular approaches to controlling cancer / (Record no. 104608)

MARC details
000 -CABECERA
campo de control de longitud fija 01149nam a2200325 a 4500
001 - NÚMERO DE CONTROL
campo de control 000108146
003 - IDENTIFICADOR DEL NÚMERO DE CONTROL
campo de control CHAP
005 - FECHA Y HORA DE LA ÚLTIMA TRANSACCIÓN
campo de control 20220329143959.0
008 - DATOS DE LONGITUD FIJA--INFORMACIÓN GENERAL
campo de control de longitud fija 131209s2005 nyua |r| |||1|||eng|d
010 ## - NÚMERO DE CONTROL DE LA BIBLIOTECA DEL CONGRESO
Número de control de LC 104608
011 ## - ENLACE DEL NUMERO DE CONTROL DE LA BIBLIOTECA DEL CONGRESO [OBSOLETO]
Número de control de LC 105580
020 ## - NÚMERO INTERNACIONAL ESTÁNDAR DEL LIBRO
Número Internacional Estándar del Libro 0879697741
040 ## - FUENTE DE LA CATALOGACIÓN
Centro/agencia transcriptor CHAP
082 04 - NÚMERO DE LA CLASIFICACIÓN DECIMAL DEWEY
Número de clasificación 616.99407
Número de documento/Ítem C68 v.70
111 20 - ENTRADA PRINCIPAL--NOMBRE DE CONGRESO/REUNIÓN
Nombre de congreso/reunión o jurisdicción como elemento de entrada Cold Spring Harbor Symposium on Quantitative Biology
Número del congreso/reunión o número de parte o sección (70 : |d 2005 :
Sede del congreso/Lugar de la reunión Cold Spring Harbor Laboratory)
9 (RLIN) 124997
245 10 - MENCIÓN DE TÍTULO
Título Molecular approaches to controlling cancer /
Mención de responsabilidad, etc. por Bruce Stillman and David Stewart.
260 ## - PUBLICACIÓN, DISTRIBUCIÓN, ETC.
Lugar de publicación, distribución, etc. Cold Spring Harbor, NY :
Nombre del editor, distribuidor, etc. Cold Spring Harbor Laboratory Press,
Fecha de publicación, distribución, etc. 2005.
300 ## - DESCRIPCIÓN FÍSICA
Extensión xxix, 538 p.
490 0# - MENCIÓN DE SERIE
Mención de serie Cold Spring Harbor symposia on quantitative biology
Número Internacional Normalizado para Publicaciones Seriadas 0091-7451
500 ## - NOTA GENERAL
Nota general La biblioteca tiene: v.70 Molecular approaches to controlling cancer
504 ## - NOTA DE BIBLIOGRAFÍA, ETC.
Nota de bibliografía, etc. incluye: bibliografias, referencias e indices
590 ## - NOTA LOCAL (RLIN)
Nota local BATCH-UPD
Procedencia (VM) [OBSOLETO] 05
Condición del los carretes individuales (VM) [OBSOLETO] 20131209
-- UCH01
-- 1413
590 ## - NOTA LOCAL (RLIN)
Nota local E792CSJ
Procedencia (VM) [OBSOLETO] 05
Condición del los carretes individuales (VM) [OBSOLETO] 20131209
-- UCH01
-- 1412
650 14 - PUNTO DE ACCESO ADICIONAL DE MATERIA--TÉRMINO DE MATERIA
Término de materia o nombre geográfico como elemento de entrada Cáncer.
9 (RLIN) 24025
700 1# - PUNTO DE ACCESO ADICIONAL--NOMBRE DE PERSONA
Nombre de persona Stewart, David
9 (RLIN) 125002
700 1# - PUNTO DE ACCESO ADICIONAL--NOMBRE DE PERSONA
Nombre de persona Stillman, Bruce
9 (RLIN) 125001
901 ## - ELEMENTOS DE DATOS A LOCAL LDA (RLIN)
a BK
942 ## - ELEMENTOS DE PUNTO DE ACCESO ADICIONAL (KOHA)
Tipo de ítem Koha Libro
942 ## - ELEMENTOS DE PUNTO DE ACCESO ADICIONAL (KOHA)
Suprimir en OPAC 0
Holdings
Estado de retiro Estado de pérdida Fuente del sistema de clasificación o colocación Estado dañado Restricciones de uso No para préstamo Código de colección Localización permanente Ubicación/localización actual Ubicación en estantería Fecha de adquisición Información codificada de la localización en otra ubicación Total de préstamos Signatura topográfica completa Código de barras Fecha visto por última vez Precio válido a partir de Tipo de ítem Koha
    Dewey Decimal Classification   Préstamo 15 días   General Biblioteca Central Biblioteca Central Planta principal - Colección General 09/12/2013 LIBRO   616.99407 C68 v.70 33724002392272 31/12/2019 31/12/2019 Libro